Escritos lógico-semánticos /

Sábháilte in:
Sonraí bibleagrafaíochta
Príomhchruthaitheoir: Frege, Gottlob (autor)
Rannpháirtithe: Luis, Carlos R. (tr.) (tr.), Pereda, Carlos (tr.) (tr.)
Formáid: LEABHAR
Teanga:Spáinnis
Foilsithe / Cruthaithe: Madrid, España : Tecnos, 1974, c1974
Sraith:(Estructura y Función ; 41)
Ábhair:
Clibeanna: Cuir clib leis
Níl clibeanna ann, Bí ar an gcéad duine le clib a chur leis an taifead seo!

MARC

LEADER 00000nam^a2200000^a^4500
001 000296966
005 20250521000000.0
009 20260310112324.577
020 |a 84-309-0505-7 
025 |a Donación Roberto Cruz Fuentes, 1 ejemplar 
037 |a Acervo Xavier Clavigero 
041 |a ESP 
082 |a 511. 3  |b FRE 
100 |a Frege, Gottlob  |e (autor) 
245 1 0 |a Escritos lógico-semánticos /  |c G. Frege ; tr. por C.R. Luis, C. Pereda. 
264 4 |a Madrid, España :  |b Tecnos,  |c 1974, c1974 
300 |a 199 p. 
336 |a texto  |b txt  |2 rdacontenido 
337 |a sin mediación  |b n  |2 rdamedio 
338 |a volumen  |b nc  |2 rdasoporte 
440 1 |a (Estructura y Función ;  |v 41) 
649 |a XX 
650 |a Lógica Matemática 
700 |a Luis, Carlos R.  |e (tr.) 
700 |a Pereda, Carlos  |e (tr.) 
910 |a Fondo Roberto Cruz Fuentes S.J. 
920 |a Impresos - Libros 
930 |a Fondos Especiales 
905 |a 122 
901 |a 0500182692  |b IT2  |c ESP  |i FXC DRCF  |u 20250521 
902 |a https://opac.biblio.iteso.mx/vufind/Record/000296966